000 00539nam a22002057a 4500
003 OSt
005 20140310184407.0
008 121113t xxu||||| |||| 00| 0 eng d
020 _a0590621807
050 _aQ 163
_b.R353 1996
100 _aReid, Struan
_921642
245 _aThe usborne book of scientists /
_cStruan Reid.
260 _aNew York :
_bScholastic Inc.,
_c1992
300 _a47 p. :
_bill. col. ;
_c26 cm.
521 _aG9
526 _c1100
650 _aScientists
_925222
942 _2lcc
_cBK-SCHOLAS
999 _c34057
_d34057